FUTAJEET: international journal of engineering and engineering technology (Record no. 38208)

MARC details
000 -LEADER
fixed length control field 00562nam a2200169Ia 4500
022 ## - INTERNATIONAL STANDARD SERIAL NUMBER
ISSN 15980271
050 ## - CALL MARK
Classification number TA 1. F88/
245 #0 - TITLE STATEMENT
Title FUTAJEET: international journal of engineering and engineering technology
260 ## - PUBLICATION, DISTRIBUTION, ETC. (IMPRINT)
Place of publication Ondo
260 ## - PUBLICATION, DISTRIBUTION, ETC. (IMPRINT)
Name of publisher School of Engineering and Engineering Technology, Federal University of Technology, Akure
260 ## - PUBLICATION, DISTRIBUTION, ETC. (IMPRINT)
Year of publication 2010
300 ## - PHYSICAL DESCRIPTION
Number of Pages 143 p. :ill. ; 30 cm.
650 ## - SUBJECT ADDED ENTRY--TOPICAL TERM
Topical Term Engineering--Periodicals. Engineering--Nigeria--Periodicals.
942 ## - ADDED ENTRY ELEMENTS (KOHA)
Koha item type Serials

No items available.